Rudolf Dilong

Bibliographic Details
Main Author: Cabadaj, Peter, 1966- (Author)
Format: Article
Language:Slovak
PhysicalDescription:Lit. 3 zázn. v slov.
ISSN:0322-807X
Subjects:

MARC

LEADER 00000nab a2200000 a 4500
001 vtls000517661
003 SK-MaSNL
005 20260304102224.0
008 250426c1994 xo 0 slo
015 |a SNBRB19rr/mm-uuuuu 
035 |a CL0517799 
035 |a urn:nbn:sk:snk-ab6n1n 
035 |a (uuid)c5626b7a-3cbc-4357-b511-0424f438b673 
035 |a (urnnbn)urn:nbn:sk:snk:ar-005m1g 
040 |a SNKBUCL  |b slo  |c SNKBUCL  |e AACR2 
041 0 |a slo 
044 |a xo  |c SK 
080 |a 82:929:885.4 (73)  |2 1981 
080 |a 885.4 (73)  |2 1981 
080 |a 929 Dilong, Rudolf  |2 1981 
100 1 |a Cabadaj, Peter,  |d 1966-  |4 aut  |9 98153 
245 1 0 |a Rudolf Dilong  |c Peter Cabadaj 
300 |b Lit. 3 zázn. v slov. 
600 1 7 |a Dilong, Rudolf,  |d 1905-1986  |2 snkbucl  |9 114496 
655 7 |a články z novín a časopisov  |2 snkbucl  |9 267496 
655 7 |a články z odboru knihovníctvo  |2 snkbucl  |9 166141 
655 7 |a články z odboru literárna veda a krásna literatúra  |2 snkbucl  |9 770045 
773 0 |t Knižnice a informácie  |g Roč. 26, č. 5 (1994), s. 213-215  |x 0322-807X 
850 |a Slovenská národná knižnica 
852 |a Slovenská národná knižnica 
954 |a odborná, vedecká literatúra pôvodná (slovenská)  |2 lita 
958 |a article2022 
958 |a RK 
958 |a KL 
958 |a LX 
958 |a US 
958 |a OND 
958 |a EUIPO 
992 |a RBX 
999 |c 2844421  |d 2846351